00000000cas 2200000zi 4500
0019.900458
003CaOODSP
00520251205135733
006m     o  d f      
007cr cn ||||||||
008210604c20199999onctr p o    f0###a0eng|d
022 |a2816-6612
040 |aCaOODSP|beng|erda|cCaOODSP
043 |an-cn---
0861 |aPS107-1E-PDF
1102 |aNational Security and Intelligence Review Agency (Canada)|eauthor, |eissuing body.
222 0|aQuarterly financial report for the quarter ended ... |b(National Security and Intelligence Review Agency (Canada))
24510|aQuarterly financial report for the quarter ended ...
24613|aQuarterly financial report
264 1|a[Ottawa] : |bNational Security and Intelligence Review Agency, |c[2019]-
310 |aThree times a year
336 |atext|btxt|2rdacontent
337 |acomputer|bc|2rdamedia
338 |aonline resource|bcr|2rdacarrier
3621 |aBegan with: September 30, 2019.
500 |aIssued also in French under title: Rapport financier trimestriel pour le trimestre se terminant le ...
588 |aDescription based on: September 30, 2019; title from PDF caption.
588 |aLatest issue consulted: June 30th, 2025.
61020|aNational Security and Intelligence Review Agency (Canada)|xAppropriations and expenditures|vPeriodicals.
650 0|aFinance, Public|zCanada|vPeriodicals.
655 7|aPeriodicals|2lcgft
77508|tRapport financier trimestriel pour le trimestre se terminant le ...|w(CaOODSP)9.900473